000 00729nam a2200289Ia 4500
005 20260324130812.0
008 008 260324s9999 xx 000 0 eng d
020 _a9780203004739
037 _aEBOOK
040 _aCRL
040 _beng
040 _cCRL
041 _2eng
041 _aeng
084 _qCRL
100 _aC. Dale Walton
_91167485
245 0 _aGeopolitics and the Great Powers in the 21st Century
245 0 _bMultipolarity and the Revolution in Strategic Perspective
260 _bTaylor and Francis
260 _c2007
365 _a
365 _b240
856 _uhttp://www.taylorfrancis.com/books/9780203004739
942 _cEBOOK
999 _c1779658
_d1779658